Three new iridoid glycosides from the aerial parts of Asperula involucrata

Elmentve itt :
Bibliográfiai részletek
Szerzők: Kirmizibekmez Hasan
Tiftik Kubilay
Kúsz Norbert
Orbán-Gyapai Orsolya
Zomborszki Zoltán Péter
Hohmann Judit
Dokumentumtípus: Cikk
Megjelent: 2017
Sorozat:CHEMISTRY & BIODIVERSITY 14 No. 3
doi:10.1002/cbdv.201600288

mtmt:3184343
Online Access:http://publicatio.bibl.u-szeged.hu/13068
LEADER 00938nab a2200253 i 4500
001 publ13068
005 20200303160705.0
008 180307s2017 hu o 0|| zxx d
022 |a 1612-1872 
024 7 |a 10.1002/cbdv.201600288  |2 doi 
024 7 |a 3184343  |2 mtmt 
040 |a SZTE Publicatio Repozitórium  |b hun 
041 |a zxx 
100 1 |a Kirmizibekmez Hasan 
245 1 0 |a Three new iridoid glycosides from the aerial parts of Asperula involucrata  |h [elektronikus dokumentum] /  |c  Kirmizibekmez Hasan 
260 |c 2017 
300 |a Azonosító: e1600288-Terjedelem: 7 p. 
490 0 |a CHEMISTRY & BIODIVERSITY  |v 14 No. 3 
700 0 1 |a Tiftik Kubilay  |e aut 
700 0 1 |a Kúsz Norbert  |e aut 
700 0 2 |a Orbán-Gyapai Orsolya  |e aut 
700 0 2 |a Zomborszki Zoltán Péter  |e aut 
700 0 2 |a Hohmann Judit  |e aut 
856 4 0 |u http://publicatio.bibl.u-szeged.hu/13068/1/K_rm_z_bekmez_et_al_2017_Chemistry__Biodiversity_u.pdf  |z Dokumentum-elérés